| 000 | 00000nam##2200000za#4500 |
| 001 | 9.663840 |
| 003 | CaOODSP |
| 005 | 20210615121239 |
| 007 | co ||||||||||| |
| 008 | 150407|2002||||xxc |q d f### # fre|d |
| 020 | |a0-662-66666-6 |
| 040 | |aCaOODSP|bfre |
| 041 | |aeng |
| 041 | |afre |
| 043 | |an-cn--- |
| 086 | 1 |aBT22-83/2002-MRC |
| 110 | 1 |aCanada. |bConseil du trésor. |
| 245 | 10|aAccès à l'information: comment mieux servir les Canadiens / |h[ressource électronique]|cPublié par le Groupe d'étude de l'accès à l'information. |
| 260 | |aOttawa - Ontario : |bSecrétariat du Conseil du Trésor du Canada |c2002. |
| 300 | |a1 disque. |
| 546 | |aBilingue |
| 776 | 0#|tAccès à l'information - comment mieux servir les Canadiens : |w(CaOODSP)9.630780 |
| 776 | 0#|tAccess to information: making it work for Canadians : |w(CaOODSP)9.663837 |
| 776 | 0#|tAccess to information - making it work for Canadians : |w(CaOODSP)9.686304 |
| 791 | |tAccess to information: making it work for Canadians / |eeng|w(CaOODSP)9.663839 |